La música popular de México : origen e historia de la música que canta y toca el pueblo mexicano /

Guardado en:
Detalles Bibliográficos
Autor principal: Reuter, Jas (autor)
Otros autores: Narro, José (ilustración) (ilustración)
Formato: Libro
Idioma:Español
Publicado: México : Panorma, 1981, c1981
Edición:2a edición
Temas:
Etiquetas: Agrega una etiqueta
Sin etiquetas, Sé el primero en etiquetar este registro!

MARC

LEADER 00000nam^a2200000^a^4500
001 000009155
005 20250521000000.0
009 20260310083616.112
037 |a Acervo ITESO - Biblioteca 
041 |a ESP 
082 |a 786. 16  |b REU 
100 |a Reuter, Jas  |e (autor) 
245 1 3 |a La música popular de México :  |b origen e historia de la música que canta y toca el pueblo mexicano /  |c J. Reuter ; il. de J. Narro. 
250 |a 2a edición 
264 4 |a México :  |b Panorma,  |c 1981, c1981 
300 |a 194 p. 
336 |a texto  |b txt  |2 rdacontenido 
337 |a sin mediación  |b n  |2 rdamedio 
338 |a volumen  |b nc  |2 rdasoporte 
649 |a XX 
650 |a Música Indígena -  |z México -  |x Historia y Crítica 
650 |a Música Indígena -  |x Historia y Crítica 
650 |a Música Prehispánica -  |z México -  |x Historia y Crítica 
650 |a Música Prehispánica -  |x Historia y Crítica 
650 |a Música Folklórica -  |z México -  |x Historia y Crítica 
650 |a Música Folklórica -  |x Historia y Crítica 
650 |a Música Popular -  |z México -  |x Historia y Crítica 
650 |a Música Popular -  |x Historia y Crítica 
650 |a Música Mexicana -  |x Historia y Crítica 
650 |a Música -  |x Historia y Crítica 
650 |a México -  |x Historia 
700 |a Narro, José  |e (ilustración) 
910 |a Fondo General 
920 |a Impresos - Libros 
930 |a Colección General 
905 |a 101 
901 |a 0500000192  |b IT1  |c ACC  |i 009155  |u 20250521 
902 |a https://opac.biblio.iteso.mx/vufind/Record/000009155